00709 a2200169 45000010006000000050017000060080041000230030015000640400040000790800076001192450056001952640064002513000023003155050172003380410008005101000021005186327020260407155929.0260407a1971 arg spa dAR-UNSa-BCEJYS aAR-UNSa-BCEJYSbspacAR-UNSa-BCEJYS a519.1xTeoría general del análisis combinatorio. Teoría de Grafos10aIntroducción a la combinatoria y sus aplicaciones 1aBarcelona :bCECSA (Compañia Editorial Continental)c1971 axx, 617 p.c24 cm. a1. Recuento. Empleo de funciones generatrices - 2. Extensión de los métodos de recuento – 3. Propiedades de los grafos – 4. Enumeración – 5. Optimización aspa1 aKaufmann, Arnold